| 000 | 00871nam a2200253 a 4500 | ||
|---|---|---|---|
| 001 | 975 | ||
| 003 | BD-RjUL | ||
| 005 | 20211208233247.0 | ||
| 008 | 131124s1959 enka b 001 0 eng d | ||
| 035 | _a(BD-RjUL)997 | ||
| 040 |
_aDLC _cDLC _dUKM _dEQO _dBD-RjUL _beng |
||
| 041 | _aeng | ||
| 082 | 0 | 0 |
_a029.5 _216 _bCOI 1959 |
| 100 | 1 |
_aCollison, Robert Lewis. _91664 |
|
| 245 | 1 | 0 |
_aIndexes and indexing : _bguide to the indexing of books, and collections of books, periodicals, music, gramophone records, films, and other material, with a reference section and suggestions for further reading / _cby Robert L. Collison. |
| 250 | _a2d ed. rev. and enl. | ||
| 260 |
_aLondon : _bE. Benn, _c1959. |
||
| 300 |
_a200 p. : _bill. ; _c23 cm. |
||
| 504 | _aIncludes index. | ||
| 650 | 0 |
_aIndexing. _92877 |
|
| 942 |
_2ddc _cBK |
||
| 999 |
_c975 _d975 |
||